| 000 | 00994nam0a22002771 4500 | ||
|---|---|---|---|
| 001 | rc\3050109 | ||
| 005 | 20250806202312.0 | ||
| 035 | _a(NLR Aleph) 007189656 | ||
| 090 |
_a46173 _c46173 |
||
| 100 | _a20111010d1942 u y0rusy50 ca | ||
| 101 | 0 | _arus | |
| 102 | _aAM | ||
| 105 | _ay z ||||| | ||
| 200 | 1 |
_aЗа Родину _eФрагмент из лит. композиции Сурена Кочаряна "Человеческие страсти" _fВильям Шекспир |
|
| 210 |
_aЕреван _cАрмгиз _d1942 |
||
| 215 |
_a28 с. _d14 см |
||
| 300 | _aПарал. тит. л. на англ. яз. | ||
| 700 | 1 |
_aКочарян _bС. А. _cартист эстрады _f1904-1979 _gСурен Акимович _3RU\NLR\AUTH\770203052 |
|
| 801 | 0 |
_aRU _bNLR _gpsbo |
|
| 801 | 1 |
_aRU _bELAR _2rusmarc |
|
| 852 |
_aNLR _jЛ60 Г-2/38 |
||
| 942 | _cBOOK | ||
| 945 | _aРоссийская национальная библиотека | ||
| 980 | _aNB | ||
| 980 | _aBV | ||